| 000 | 01564nam0a2200325 4500 | ||
|---|---|---|---|
| 001 | RU\NLR\bibl\1710046 | ||
| 005 | 20250616064612.0 | ||
| 010 |
_a978-5-691-01834-3 _915000 |
||
| 021 |
_aRU _b2010-88333 _9664д/2010 |
||
| 035 | _a(NLR Aleph) 001701082 | ||
| 090 |
_a1220787 _c1220787 |
||
| 100 | _a20101207d2010 |||y0rusy50 ca | ||
| 101 | 0 | _arus | |
| 102 | _aRU | ||
| 105 | _aa ||||||||| | ||
| 200 | 1 |
_aЖивопись _eтехника живописи и технология живописных материалов _eучебное пособие для студентов высших учебных заведений, обучающихся по специальности "Изобразительное искусство" _fН.И. Прокофьев |
|
| 210 |
_aМосква _cВладос _d2010 |
||
| 215 |
_a158 с., [16] л. цв. ил. _cил. _d22 |
||
| 225 | 1 | _aУчебное пособие для вузов | |
| 320 | _aБиблиогр.: с. 156 | ||
| 606 | 1 |
_aЖивопись _jУчебные издания для высших учебных заведений _xТехника _91069934 _3RU\NLR\auth\66416497 |
|
| 606 | 1 |
_aКраски для живописи _jУчебные издания для высших учебных заведений _9938415 _3RU\NLR\auth\6628114 |
|
| 686 | _aЩ140.80с0я73 | ||
| 686 | _aЩ140.80я73 | ||
| 700 | 1 |
_aПрокофьев _bН. И. _gНиколай Иванович _4070 |
|
| 801 | 0 |
_aRU _bNLR _c20101207 _gRCR |
|
| 801 | 1 |
_aRU _bNLR _c20101207 |
|
| 942 | _cBOOK | ||
| 980 | _aNB | ||